Diddy Facts - Statistics

General Stats
  • This quiz has been taken 403 times
  • The average score is 5 of 18
Answer Stats
Hint Answer % Correct
How many Grammys does he have? 3
78%
Did Diddy do it? No
74%
Before P Diddy what was his stage name? Puff Daddy
73%
How many kids does diddy have? 7
70%
How old is he? 55
50%
whats Diddy's favorite color? white
50%
When was his first diddy party? 1998
38%
When did he buy the house? 2014
26%
what is Diddys full name? Sean John Combs
18%
What did Diddy blame for his abundance of baby oil? Costco
15%
What is diddy's #1 song? I'll be missing you
13%
What holiday was the first diddy party on? Labor day
8%
What is Diddy's estimated net worth in 2021? 900 mil
5%
What school did he go to? Mount Saint Michael Academy
5%
How much did he buy that house for? 39 million
4%
What is his Los Angeles mansion address? 200 South Mapleton Dr
3%
Whats diddys birthday? Nov 4 1969
3%
What happened to mac miller at a diddy party? He got locked up in a dog cage and assaulted
2%
No matching quizzes found
Score Distribution
Percent of People with Each Score
Percentile by Number Answered
Your Score History
You have not taken this quiz